| 000 | 00353nam a2200145Ia 4500 | ||
|---|---|---|---|
| 008 | 150201s2003 xx 000 0 und d | ||
| 082 |
_a612 _bH2003J |
||
| 100 | _aJAIN ,A.K. | ||
| 245 | _aHUMAN PHYSIOLOGY FOR B.D.S | ||
| 250 | _a1ST | ||
| 260 |
_bAVICHAL PUBLISHING CO. _aDELHI _c2003 |
||
| 300 | _a1-538 | ||
| 650 | _aPHYSIOLOGY | ||
| 942 |
_2ddc _cBK _049 |
||
| 999 |
_c2817 _d2817 |
||